Statistics for Graduation songs in order

Click here to take the quiz!

General Stats

  • This quiz has been taken 19 times
  • The average score is 9 of 14

Answer Stats

HintAnswer% Correct
1Good Morning
100%
14Good Night
79%
2Champion
71%
9Flashing Lights
71%
12Homecoming
71%
4I Wonder
71%
3Stronger
71%
7Barry Bonds
64%
13Big Brother
64%
8Drunk And Hot Girls
64%
5Good Life
57%
6Can't Tell Me Nothing
50%
10Everything I Am
43%
11The Glory
43%

Score Distribution

Percentile by Number Answered

Percent of People with Each Score

Your Score History

You have not taken this quiz